000 01402nam a2200241 a 4500
001 nice12345678
003 IN_TiNIC
005 20260116011252.0
008 050524s1953 lona grp 000 0 eng
020 _a
_c100
082 0 0 _a230
_bBAI
100 _aBaillie, John
245 _aLibrary of Christian Classics, Early Christian Fathers
260 _aLondon
_bScm Press
_c1953
300 _a415p
500 _aincludes index and biblioraphy
505 2 _aIndex
505 2 _aIndex00
_gV6C1.
_tAugustine: Earlier Writings.--
_gV 1.
_tLibrary of Christian Classics, Early Christian Fat.--
_gV1C2.
_tLib. Early Christian Fathers.--
_gV2.
_tAlexandrian Christianity.--
_gV4.
_tCyril of Jerusalem and Nemesius of Emesa.--
_gV5.
_tEarly Latin Theology.--
_gV6C2.
_tAugustine: Earlier Writings.--
_gV7.
_tAugustine: Confessions Enchiridion.--
_gV9.
_tEarly Medieval Theology.--
_gV10.
_tScholastic Miscellany: Anselm to Ockham.--
_gV11.
_tNature and Grace.--
_gV 12.
_tWestern Asceticism.--
_gV 13.
_tLate Medieval Mysticism.--
_gV 14.
_tAdvocates of Reform from Wyclif to Erasmus.--
_gV 18.
_tLuther: Letters of Spiritual Council.--
_gV 22.
_tCalvin: Theological Treatises.--
_gV 23.
_tCalvin: Commentaries.--
_gV 24.
_tZwingli and Bullinger.--
_gV 25.
_tSpiritual and Anabaptist Writers.--
_gV3.
_tChristology of the Later Fathers.--
_gV 15.
_tLuther: Lectures o
650 _aTheology
902 _bRHR
942 _cBK
999 _c33
_d33